| 000 | 00732nam a2200241 i 4500 | ||
|---|---|---|---|
| 001 | 11185 | ||
| 003 | ES-MaACL | ||
| 005 | 20250902063049.0 | ||
| 007 | t| | ||
| 008 | 960214s1995 sp ||||1| spa d | ||
| 020 | _a84-264-1238-6 | ||
| 080 | _a850-31"19" | ||
| 100 | 1 |
_aEco, Umberto, _d1932-2016 _946611 |
|
| 245 | 1 | 3 |
_aLa Isla del día de antes / _cUmberto Eco ; traducción de Helena Lozano Miralles. |
| 250 | _a[1ª ed.]. | ||
| 260 |
_aBarcelona : _bLumen, _c1995. |
||
| 300 |
_a422 p. ; _c22 cm. |
||
| 490 | 1 |
_aPalabra en el tiempo ; _v238 |
|
| 700 | 1 |
_aLozano Miralles, Helena. _974458 |
|
| 830 | 0 |
_aPalabra en el tiempo ; _v238 _9177857 |
|
| 852 |
_aES-MaACL _jL-18500 _bR.124750 |
||
| 999 |
_c11185 _d11185 |
||